• 首页
  • 本馆介绍
  • 公告通知
  • 最新文献
  • 馆藏检索
  • 电子资源
  • 读者导购
  • 参考咨询
  • 我的图书馆
  • 登录
  • 详细信息显示
  • 放入我的书架
  • 预约/预借图书
  • 作者相关作品
  • 分类相关作品
  • 丛书相关作品
  • 出版社相关作品

书目信息

  • 表格格式
  • 工作单格式
  • 卡片格式
题名:
化学化工材料与新能源
    
 
作者: 张军丽 著
分册:  
出版信息: 北京   中国纺织出版社  2019.03
页数: 163页
开本: 26cm
丛书名:
单 册:
中图分类: TQ04 , TK01
科图分类:
主题词: 化工材料--hua gong cai liao--关系--新能源--研究
电子资源:
ISBN: 978-7-5180-5760-3
000 00946nam0 2200253 450
001 CAL 009622432
005 20230217093112.0
010    @a978-7-5180-5760-3@dCNY88
100    @a20190919d2019 em y0chiy0120 ea
101 0  @achi
102    @aCN@b110000
105    @aa a 000yy
106    @ar
200 1  @a化学化工材料与新能源@Ahua xue hua gong cai liao yu xin neng yuan@f张军丽著
210    @a北京@c中国纺织出版社@d2019.03
215    @a163页@c图@d26cm
320    @a有书目 (第163页)
330    @a本书在介绍国内外新能源材料开发、利用、研究的基础上, 结合当今世界新能源领域的研究发展现状, 概述了新能源与新能源材料面临的主要任务和研究进展 ; 阐述了锂离子电池材料技术、燃料电池材料技术、太阳能电池材料技术以及其他新能源材料技术。
606 0  @a化工材料@Ahua gong cai liao@x关系@x新能源@x研究
690    @aTQ04@v5
690    @aTK01@v5
701  0 @a张军丽@Azhang jun li@4著
801  0 @aCN@bBJXHZP@c20230228
905    @b1386112-5@dTQ04@e610@f4
    
    化学化工材料与新能源/张军丽著.-北京:中国纺织出版社,2019.03
    163页:图;26cm
    
    
    ISBN 978-7-5180-5760-3:CNY88
    本书在介绍国内外新能源材料开发、利用、研究的基础上, 结合当今世界新能源领域的研究发展现状, 概述了新能源与新能源材料面临的主要任务和研究进展 ; 阐述了锂离子电池材料技术、燃料电池材料技术、太阳能电池材料技术以及其他新能源材料技术。
●
相关链接 在E读中查询图书 在五车中查询图书 在当当中查询图书 在豆瓣中查询图书


正题名:化学化工材料与新能源     索取号:TQ04/610         预约/预借

序号 登录号 条形码 馆藏地/架位号 状态 备注
1 1386112   213861123   第二样本阅览室/ [索取号:TQ04/610] 在馆    
2 1386113   213861132   第三借阅区/ [索取号:TQ04/610] 在馆    
3 1386114   213861141   第三借阅区/ [索取号:TQ04/610] 在馆    
4 1386115   213861150   第三借阅区/ [索取号:TQ04/610] 在馆    
唐山师范学院图书馆 欢迎您!
大连网信软件有限公司© 版权所有